00342nam a2200121Ia 4500008004100000020001800041041001200059100001700071245005600088260003800144650001600182700002200198221030s9999 xx 000 0 und d a9788184319378 aEnglish aI. A. Dhotra 0aSystem Softwarecby I. A. Dhotra, A. A. Puntambekar bTechnical PublicationaPunec2010 aBB Computer aA. A. Puntambekar